000 00574nam a22002057a 4500
999 _c6351
_d6351
003 OSt
005 20191016103209.0
008 191016b ||||| |||| 00| 0 eng d
020 _a9781447112235
040 _cDDC
082 _a515 DIN 1999
100 _aDineen, Sean
_912988
245 _aComplex Analysis on Infinite Dimensional Spaces
260 _aLondon;
_bSpringer,
_c1999
300 _axv,543p;
_bIll:
_c24cm
504 _aAppendix, references, & index included
650 _aComplex analysis
_93596
650 _aDimensional spaces
_912989
942 _2ddc
_cO_SHELF